| 000 | 01290nam a22003254a 4500 | ||
|---|---|---|---|
| 001 | 34747 | ||
| 003 | BD-RjUL | ||
| 005 | 20211209052215.0 | ||
| 008 | 140519s2004 enk b 001 0 eng d | ||
| 020 | _a033392150X (hardback) | ||
| 020 | _a1403939292 (pbk.) | ||
| 035 | _a(BD-RjUL)34841 | ||
| 040 |
_aDLC _cDLC _dDLC _dBD-RjUL _beng |
||
| 041 | _aeng | ||
| 082 | 0 | 0 |
_a305.8 _222 _bCOG 2004 |
| 100 | 1 |
_aCoates, Kenneth, _d1956- _9105725 |
|
| 245 | 1 | 2 |
_aA global history of indigenous peoples : _bstruggle and survival / _cKen Coates. |
| 260 |
_aHoundmills, Basingstoke, Hampshire ; _aNew York : _bPalgrave Macmillan, _c2004. |
||
| 300 |
_ax, 297 p. ; _c23 cm. |
||
| 504 | _aIncludes bibliographical references (p. 286-290) and index. | ||
| 650 | 0 |
_aIndigenous peoples _xHistory. _9105726 |
|
| 650 | 0 |
_aIndigenous peoples _xSocial conditions. _9105727 |
|
| 650 | 0 |
_aIndigenous peoples _xGovernment relations. _9105728 |
|
| 856 | 4 | 2 |
_3Contributor biographical information _uhttp://www.loc.gov/catdir/bios/hol059/2004049118.html |
| 856 | 4 | 2 |
_3Publisher description _uhttp://www.loc.gov/catdir/description/hol053/2004049118.html |
| 856 | 4 | 1 |
_3Table of contents _uhttp://www.loc.gov/catdir/toc/hol052/2004049118.html |
| 942 |
_2ddc _cBK |
||
| 999 |
_c34747 _d34747 |
||